Vista normal
Vista MARC
Entrada Uniform Title
Número de registros utilizados en: 1
001 - CONTROL NUMBER
- control field: 27944
003 - CONTROL NUMBER IDENTIFIER
- control field: OSt
005 - DATE AND TIME OF LATEST TRANSACTION
- control field: 20231102145932.0
008 - FIXED-LENGTH DATA ELEMENTS
- fixed length control field: 151221|| aca||aabn | a|a d
040 ## - CATALOGING SOURCE
- Original cataloging agency: OSt
- Transcribing agency: OSt
130 ## - HEADING--UNIFORM TITLE
- Uniform title: Colección Porrúa. Leyes y códigos de México
670 ## - SOURCE DATA FOUND
- Source citation: Work cat.: (OSt)38558: México 1514, Ley del impuesto sobre la renta : Ley del IVA, Ley d el activo, Ley de l IEPS, Reglamentos y disposiciones complementarias